[Event "24th Abu Dhabi Masters"]
[Site "Abu Dhabi UAE"]
[Date "2017.08.19"]
[Round "5.16"]
[White "Stegariu, Vlad-Ionut"]
[Black "Hovhannisyan, Robert"]
[Result "1/2-1/2"]
[BlackTitle "GM"]
[WhiteElo "2244"]
[BlackElo "2606"]
[WhiteFideId "1217860"]
[BlackFideId "13302507"]
[EventDate "2017.08.14"]

1. Nf3 d5 2. g3 c6 3. Bg2 Bg4 4. h3 Bxf3 5. Bxf3 Nd7 6. d3 e6 7. Bg2 Bd6 8. Nd2
h5 9. Nf3 Ne7 10. c4 Ng6 11. cxd5 exd5 12. h4 Nge5 13. Nxe5 Nxe5 14. O-O Ng4 15.
d4 Qc7 16. Qd3 O-O 17. e4 dxe4 18. Bxe4 Rad8 19. Bg5 Be7 20. Bxe7 Qxe7 21. Rad1
Nf6 22. Bf3 Rfe8 23. Qb3 Qd7 24. Rd2 Re6 25. Rfd1 Rd6 26. Qc4 g6 27. b4 a6 28.
a4 Nd5 29. Qb3 Nc7 30. Bg2 Qe7 31. Rd3 Qe6 32. Qc3 Nd5 33. Qb3 Qd7 34. Bf3 Kg7
35. Bg2 Re8 36. R3d2 Nf6 37. Qa3 Rde6 38. Qa1 Qe7 39. b5 axb5 40. axb5 cxb5 41.
d5 Re1+ 42. Rxe1 Qxe1+ 43. Qxe1 Rxe1+ 44. Kh2 Ng4+ 45. Kh3 Rd1 46. Rb2 b4 47. f3
Ne3 48. Rxb4 Rd2 49. Bh1 Rxd5 50. Rxb7 Rd1 51. Bg2 Rd2 52. Bh1 Nd1 53. Bg2 Ne3
54. Bh1 Re2 55. Rb3 Kf8 56. Ra3 Ke7 57. Ra6 f6 58. Ra5 Kf7 59. Rb5 Kg7 60. Ra5
Kh6 61. Ra6 Kg7 62. Ra5 Re1 63. Bg2 Kf7 64. Ra2 Ke6 65. Kh2 Kd5 66. Bh3 Nc4 67.
Bc8 g5 68. Bf5 Ne3 69. Bg6 gxh4 70. gxh4 Ke5 71. Bxh5 Rc1 72. Ra5+ Ke6 73. Bg6
f5 74. h5 Kf6 75. f4 Ng4+ 76. Kg2 Ne3+ 77. Kf3 Rc3 78. Ra6+ Kg7 79. Ra7+ Kf6 80.
Rf7+ Ke6 81. Rf8 Nd5+ 82. Kf2 Nxf4 83. Bxf5+ Ke7 84. Rc8 Rxc8 85. Bxc8 1/2-1/2

[Event "24th Abu Dhabi Masters"]
[Site "Abu Dhabi UAE"]
[Date "2017.08.19"]
[Round "5.17"]
[White "Stupak, Kirill"]
[Black "Neelotpal, Das"]
[Result "1-0"]
[WhiteTitle "GM"]
[BlackTitle "GM"]
[WhiteElo "2573"]
[BlackElo "2441"]
[WhiteFideId "13503758"]
[BlackFideId "5003512"]
[EventDate "2017.08.14"]

1. c4 Nf6 2. g3 e6 3. Bg2 d5 4. Nf3 Be7 5. O-O O-O 6. d4 dxc4 7. Ne5 Nc6 8. Bxc6
bxc6 9. Nxc6 Qe8 10. Nxe7+ Qxe7 11. Qc2 Bb7 12. Qxc4 e5 13. dxe5 Qxe5 14. Nc3
Rad8 15. Bf4 Qh5 16. f3 Qh3 17. Bg5 Nd5 18. Rad1 c6 19. e4 Nb6 20. Qc5 Rd7 21.
Rxd7 Nxd7 22. Qxa7 Ba8 23. Bf4 Re8 24. Rd1 Nf8 25. Bb8 Ng6 26. Qxa8 Ne5 27. Rf1
Rd8 28. Ne2 f6 29. Qb7 Rd2 30. Qb3+ 1-0

[Event "24th Abu Dhabi Masters"]
[Site "Abu Dhabi UAE"]
[Date "2017.08.19"]
[Round "5.18"]
[White "Wagner, Dennis"]
[Black "Fawzy, Adham"]
[Result "1-0"]
[WhiteTitle "GM"]
[BlackTitle "IM"]
[WhiteElo "2563"]
[BlackElo "2422"]
[WhiteFideId "24650684"]
[BlackFideId "10613129"]
[EventDate "2017.08.14"]

1. d4 Nf6 2. c4 e6 3. Nf3 b6 4. a3 Ba6 5. Qc2 Bb7 6. Nc3 c5 7. e4 cxd4 8. Nxd4
Bc5 9. Nf3 Nc6 10. b4 Nd4 11. Qd2 Nxf3+ 12. gxf3 Be7 13. Bb2 a6 14. Rd1 Nh5 15.
Ne2 d6 16. Ng3 Nf6 17. Qe3 Qc7 18. Be2 Rg8 19. O-O Nd7 20. Rc1 g5 21. Rfd1 Rc8
22. Nh5 Kf8 23. Kh1 Rg6 24. Rg1 h6 25. Bd4 Kg8 26. f4 e5 27. fxe5 dxe5 28. Bb2
f5 29. f3 Rf8 30. Rcd1 g4 31. c5 Kh7 32. Qd3 fxe4 33. Qxd7 exf3 34. Qxc7 fxe2+
35. Qxb7 1-0

[Event "24th Abu Dhabi Masters"]
[Site "Abu Dhabi UAE"]
[Date "2017.08.19"]
[Round "5.19"]
[White "Bernadskiy, Vitaliy"]
[Black "Omidi, Arya"]
[Result "1-0"]
[WhiteTitle "GM"]
[WhiteElo "2562"]
[BlackElo "2415"]
[WhiteFideId "14100371"]
[BlackFideId "12508780"]
[EventDate "2017.08.14"]

1. e4 c5 2. Nf3 d6 3. d4 cxd4 4. Nxd4 Nf6 5. Nc3 a6 6. Bg5 Nbd7 7. Qe2 Qa5 8.
Bd2 Qc7 9. g4 e5 10. Nf5 h6 11. Ne3 Nb6 12. a4 Be6 13. a5 Nbd7 14. h4 g6 15. Qf3
Bg7 16. Be2 Rc8 17. g5 Nh5 18. Ncd5 Qd8 19. Nc4 O-O 20. gxh6 Bh8 21. Nxd6 Rxc2
22. Qd3 Rxd2 23. Qxd2 Bxd5 24. Bxh5 Nf6 25. Qb4 Nxh5 26. exd5 Qe7 27. Qa3 e4 28.
Nc4 Qc7 29. Ne3 Rd8 30. Rd1 Nf4 31. h5 Nd3+ 32. Rxd3 exd3 33. Qxd3 Qc1+ 34. Qd1
Bxb2 35. hxg6 fxg6 36. Ke2 Qxd1+ 37. Rxd1 Bc3 38. Nc4 Kh7 39. Rd3 Bb4 40. Rb3
Bc5 41. Rxb7+ Kxh6 42. Nb6 Bxb6 43. axb6 Rxd5 44. Ra7 a5 45. b7 Rb5 46. Kd3 Rb4
47. f4 Kh5 48. Rxa5+ Kg4 49. Ra7 Rb1 50. Ke4 Rb2 51. Ke5 Rb6 52. Kd5 Rb2 53. Kc5
Rc2+ 54. Kd6 Rd2+ 55. Ke5 Rb2 56. Kd4 Rb1 57. Kc3 Rb6 58. f5 Kxf5 59. Kc4 Ke4
60. Kc5 Rb1 61. Ra4+ Ke5 62. Rb4 1-0

[Event "24th Abu Dhabi Masters"]
[Site "Abu Dhabi UAE"]
[Date "2017.08.19"]
[Round "5.20"]
[White "Ghaem Maghami, Ehsan"]
[Black "Jonkman, Harmen"]
[Result "1-0"]
[WhiteTitle "GM"]
[BlackTitle "GM"]
[WhiteElo "2540"]
[BlackElo "2402"]
[WhiteFideId "12500739"]
[BlackFideId "1002708"]
[EventDate "2017.08.14"]

1. c4 c6 2. Nf3 d5 3. d4 Nf6 4. Nc3 g6 5. e3 Bg7 6. h3 O-O 7. Bd3 Nbd7 8. O-O a6
9. b3 b5 10. Bb2 Bb7 11. Qe2 Qa5 12. c5 Rae8 13. a3 Qc7 14. b4 e5 15. dxe5 Nxe5
16. Nxe5 Rxe5 17. a4 d4 18. Na2 Rd8 19. Qf3 dxe3 20. Bxe5 Qxe5 21. Rad1 Qb2 22.
fxe3 Re8 23. Rf2 Qb3 24. Bb1 bxa4 25. e4 Bc8 26. Rfd2 h5 27. Rd8 Be6 28. e5 Bd5
29. Qxb3 axb3 30. Rxe8+ Nxe8 31. Nc3 Nc7 32. Be4 b2 33. Bxd5 Nxd5 34. Nxd5 cxd5
35. c6 Bxe5 36. Rb1 Kf8 37. Rxb2 Ke7 38. Re2 f6 39. Ra2 Bc3 40. Rxa6 Bxb4 41. c7
Kd7 42. Rxf6 Kxc7 43. Rxg6 h4 44. Kf2 Kd7 45. Ke3 Bc5+ 46. Kf4 Bf2 47. Kf3 Be1
48. Ke3 Ke7 49. Kd4 Kf7 50. Rc6 1-0

[Event "24th Abu Dhabi Masters"]
[Site "Abu Dhabi UAE"]
[Date "2017.08.19"]
[Round "5.21"]
[White "Harika, Dronavalli"]
[Black "Karavade, Eesha"]
[Result "1/2-1/2"]
[WhiteTitle "GM"]
[BlackTitle "IM"]
[WhiteElo "2526"]
[BlackElo "2397"]
[WhiteFideId "5015197"]
[BlackFideId "5012600"]
[EventDate "2017.08.14"]

1. e4 e5 2. Nf3 Nc6 3. Bb5 a6 4. Ba4 d6 5. c3 g6 6. d4 Bd7 7. Bg5 f6 8. Be3 Nh6
9. h3 Bg7 10. d5 Ne7 11. Bxd7+ Qxd7 12. c4 Nf7 13. Nfd2 Bh6 14. Bxh6 Nxh6 15.
Nc3 O-O 16. Qe2 1/2-1/2

[Event "24th Abu Dhabi Masters"]
[Site "Abu Dhabi UAE"]
[Date "2017.08.19"]
[Round "5.22"]
[White "Aryan, Chopra"]
[Black "Sardana, Rishi"]
[Result "1-0"]
[WhiteTitle "GM"]
[BlackTitle "IM"]
[WhiteElo "2507"]
[BlackElo "2386"]
[WhiteFideId "5084423"]
[BlackFideId "25004301"]
[EventDate "2017.08.14"]

1. e4 e5 2. Nf3 Nc6 3. Bb5 a6 4. Ba4 Nf6 5. O-O Be7 6. Re1 b5 7. Bb3 d6 8. c3
O-O 9. h3 Nb8 10. d4 Nbd7 11. Nbd2 Bb7 12. Bc2 Re8 13. Nf1 Bf8 14. Ng3 g6 15. a4
c5 16. d5 c4 17. Bg5 Nc5 18. Qd2 Be7 19. Bh6 Nfd7 20. a5 Bc8 21. Nh2 Nb7 22. Rf1
Nxa5 23. f4 exf4 24. Qxf4 Ne5 25. Nf3 f6 26. Nh5 Nf7 27. Nd4 Nxh6 28. Qxh6 Bf8
29. Nxf6+ Qxf6 30. Rxf6 Bxh6 31. Rxa5 Rf8 32. Rxf8+ Bxf8 33. Nxb5 Rb8 34. Nd4
Rxb2 35. Ra4 Bh6 36. Kf2 Bd7 37. Rxc4 Kf7 38. Kf3 Bd2 39. Rc7 Ke8 40. Ke2 Bg5
41. Kd3 Ra2 42. Ra7 Ra1 43. Nc6 Rg1 44. Ba4 Rxg2 45. Ra8+ Kf7 46. Ne5+ dxe5 47.
Bxd7 Rg3+ 48. Kc2 Re3 49. Ra7 Kf8 50. d6 Rxe4 51. Be6 Re2+ 52. Kb3 Rd2 53. Rf7+
Ke8 54. d7+ Kd8 55. Rf8+ Kc7 56. Rc8+ Kb6 57. c4 Rd3+ 58. Kc2 Rd2+ 59. Kc3 Rd1
60. Bd5 e4 61. d8=Q+ Bxd8 62. Rxd8 Rd3+ 63. Kc2 Rxh3 64. Bxe4 Kc5 65. Bd3 Rh1
66. Kc3 Rh3 67. Rd5+ Kb6 68. Kd4 Rf3 69. c5+ Kc7 70. Rd6 a5 71. Ra6 Rf8 72. Rxa5
Rd8+ 73. Kc4 Re8 74. Ra7+ Kc6 75. Bc2 1-0

[Event "24th Abu Dhabi Masters"]
[Site "Abu Dhabi UAE"]
[Date "2017.08.19"]
[Round "5.23"]
[White "Saravana, Krishnan P."]
[Black "Nihal, Sarin"]
[Result "1/2-1/2"]
[BlackTitle "FM"]
[WhiteElo "2378"]
[BlackElo "2485"]
[WhiteFideId "5018382"]
[BlackFideId "25092340"]
[EventDate "2017.08.14"]

1. e4 e6 2. d4 d5 3. Nd2 c5 4. Ngf3 cxd4 5. Nxd4 Nc6 6. Nxc6 bxc6 7. Bd3 Bd6 8.
Qe2 Ne7 9. Nf3 h6 10. O-O O-O 11. c4 dxe4 12. Bxe4 f5 13. Bc2 Ng6 14. Rd1 Qe7
15. h4 c5 16. Ba4 Bb7 17. h5 Bxf3 18. Qxf3 Ne5 19. Qe2 Ng4 20. Bc6 Rad8 21. g3
e5 22. Be4 Qd7 23. Bg2 Qe8 24. Bd2 Bc7 25. Bc3 Qxh5 26. Rxd8 Rxd8 27. Rd1 Rf8
28. Rd7 Bb8 29. Qd1 Qe8 30. Qd5+ Kh7 31. Rb7 Qh5 32. Qd7 Qg6 33. b4 cxb4 34.
Bxb4 Re8 35. Bc3 Bd6 36. Bd5 Re7 37. Qd8 Re8 38. Qd7 Re7 39. Qd8 Re8 40. Qd7 Rf8
41. Qd8 Re8 42. Qd7 Rf8 1/2-1/2

[Event "24th Abu Dhabi Masters"]
[Site "Abu Dhabi UAE"]
[Date "2017.08.19"]
[Round "5.24"]
[White "Abdusattorov, Nodirbek"]
[Black "Pazos Porta, Antonio"]
[Result "1/2-1/2"]
[WhiteTitle "IM"]
[BlackTitle "FM"]
[WhiteElo "2470"]
[BlackElo "2325"]
[WhiteFideId "14204118"]
[BlackFideId "2263190"]
[EventDate "2017.08.14"]

1. Nf3 Nf6 2. g3 g6 3. b3 Bg7 4. Bb2 O-O 5. Bg2 d5 6. O-O c6 7. c4 Bg4 8. d3 a5
9. cxd5 cxd5 10. Ne5 Be6 11. Nc3 Nfd7 12. Nxd7 Qxd7 13. d4 Na6 14. Qd3 Rfd8 15.
Rfc1 h5 16. Na4 Qd6 17. Nc5 Nxc5 18. dxc5 Qa6 19. Qd2 Bxb2 20. Qxb2 Qb5 21. e3
Bf5 22. Qe5 e6 23. h3 a4 24. Qc3 axb3 25. axb3 Rxa1 26. Rxa1 Rc8 27. b4 Bd3 28.
Ra7 Bc4 29. Bf3 Qc6 30. Kg2 Qc7 31. g4 hxg4 32. hxg4 Ba6 33. Qa3 Qb8 34. Rxa6
bxa6 35. Qxa6 Rc7 36. Qa3 Ra7 37. Qc3 Ra4 38. c6 Qxb4 39. Qe5 Ra6 40. c7 Rc6 41.
e4 Qc3 42. Qxc3 Rxc3 43. exd5 exd5 44. Bxd5 g5 45. f4 gxf4 46. c8=Q+ Rxc8 47.
Kf3 Rc5 48. Be4 Kg7 49. Kxf4 Kf6 50. Bd3 Ra5 51. Be4 Ra4 52. g5+ Ke6 53. Kf3 Ke5
54. Bh7 Ra3+ 55. Kf2 Ra2+ 56. Kf3 Ra3+ 57. Kf2 Ra6 58. Kf3 Rb6 59. Ke3 Rb7 60.
g6 f6 61. Bg8 Rg7 62. Bf7 f5 63. Kf3 f4 64. Kf2 Ke4 65. Ke2 f3+ 66. Kf2 Kf4 67.
Kf1 Kg3 68. Kg1 f2+ 69. Kf1 Kf3 70. Bd5+ Ke3 71. Bf7 Kf3 1/2-1/2

[Event "24th Abu Dhabi Masters"]
[Site "Abu Dhabi UAE"]
[Date "2017.08.19"]
[Round "5.25"]
[White "Parligras, Mircea-Emilian"]
[Black "Hari, Madhavan N B"]
[Result "1-0"]
[WhiteTitle "GM"]
[WhiteElo "2616"]
[BlackElo "2246"]
[WhiteFideId "1204297"]
[BlackFideId "25054309"]
[EventDate "2017.08.14"]

1. c4 c6 2. Nf3 Nf6 3. Nc3 d5 4. e3 a6 5. d4 e6 6. b3 Nbd7 7. Bb2 Bd6 8. Be2 O-O
9. Qc2 e5 10. dxe5 Nxe5 11. cxd5 cxd5 12. O-O Nxf3+ 13. Bxf3 Be6 14. Rfd1 Rc8
15. Rac1 Qe7 16. Qe2 Rcd8 17. g3 Be5 18. Na4 Bxb2 19. Qxb2 Ne4 20. Qd4 Bf5 21.
Bg2 Qa3 22. Qb2 Qe7 23. Rd4 Qf6 24. Rcd1 Qc6 25. Rc1 Qf6 26. Nc3 Bg6 27. Qe2 Rc8
28. Qe1 Qc6 29. Ne2 Qb5 30. Nf4 Nf6 31. Nxd5 Nxd5 32. Rxd5 Qb6 33. Rd7 Rxc1 34.
Qxc1 Qa5 35. a3 b5 36. b4 Qa4 37. Bd5 h6 38. Kg2 Kh7 39. e4 Bh5 40. f3 Bg6 41.
g4 h5 42. h3 Kg8 43. Qb2 a5 44. Bb3 1-0

[Event "24th Abu Dhabi Masters"]
[Site "Abu Dhabi UAE"]
[Date "2017.08.19"]
[Round "5.26"]
[White "Illingworth, Max"]
[Black "Gu, Xiaobing"]
[Result "1-0"]
[WhiteTitle "GM"]
[BlackTitle "WGM"]
[WhiteElo "2506"]
[BlackElo "2347"]
[WhiteFideId "3205207"]
[BlackFideId "8602611"]
[EventDate "2017.08.14"]

1. c4 Nf6 2. Nc3 g6 3. d4 Bg7 4. e4 d6 5. Be2 O-O 6. Be3 e5 7. d5 a5 8. g4 Na6
9. h4 Nc5 10. f3 h5 11. g5 Nfd7 12. Qd2 Nb6 13. O-O-O Bd7 14. Nh3 Nba4 15. Nb1
Qb8 16. b3 Nb6 17. Nc3 Nc8 18. Nf2 Na7 19. Nd3 b6 20. Kb2 Qb7 21. Rc1 c6 22.
Rhd1 Nxd3+ 23. Qxd3 c5 24. Rg1 Rab8 25. a4 Rbe8 26. Rg3 Re7 27. Rcg1 Rfe8 28.
Bf1 Qc8 29. Kc2 Kh8 30. Nb1 Rf8 31. Nd2 Qe8 32. Kc1 Nc8 33. Qe2 Na7 34. Qd1 Nc8
35. Be2 Kg8 36. R1g2 Na7 37. Bd3 Bc8 38. Qg1 Bd7 39. Rf2 Kh8 40. Bc2 Nc8 41. Rf1
Qd8 42. Qh2 Qe8 43. Rfg1 Kg8 44. R3g2 Kh8 45. Qg3 Kg8 46. Rf1 Na7 47. Bd1 Qc8
48. Rgf2 Bh3 49. Rh1 Bd7 50. f4 exf4 51. Bxf4 Be5 52. Bxe5 Rxe5 53. Rf6 Qc7 54.
Rhf1 Bc8 55. Bxh5 gxh5 56. g6 Bg4 57. Qf4 Bf5 58. Qh6 1-0

[Event "24th Abu Dhabi Masters"]
[Site "Abu Dhabi UAE"]
[Date "2017.08.19"]
[Round "5.27"]
[White "Medarde Santiago, Luis Marcos"]
[Black "Bellia, Fabrizio"]
[Result "1-0"]
[WhiteTitle "FM"]
[BlackTitle "IM"]
[WhiteElo "2332"]
[BlackElo "2444"]
[WhiteFideId "2263076"]
[BlackFideId "800511"]
[EventDate "2017.08.14"]

1. e4 e5 2. Nf3 Nc6 3. d4 exd4 4. Bc4 Nf6 5. e5 d5 6. Bb5 Ne4 7. Nxd4 Bd7 8.
Bxc6 bxc6 9. O-O Be7 10. f3 Nc5 11. f4 O-O 12. f5 Ne4 13. Nc3 Bc5 14. Na4 Bb6
15. Nxb6 axb6 16. f6 g6 17. Qe1 Re8 18. Nf3 Re6 19. Qh4 Qf8 20. Bh6 Qc5+ 21. Kh1
Rae8 22. Bf4 h5 23. c3 Bc8 24. Nd4 Ba6 25. Nxe6 Rxe6 26. Rf3 Kf8 27. b3 Ke8 28.
h3 Kd7 29. Qe1 Kc8 30. c4 b5 31. Rc1 bxc4 32. bxc4 Bxc4 33. Be3 Qb5 34. Rb1 Qa4
35. Bc1 Rxe5 36. Bf4 Re6 37. Qc1 Bd3 38. Rb3 Bb5 39. Ra3 Qc4 40. Ra8+ Kb7 41.
Qa3 Qc5 42. Qa5 Qb6 43. Rb8+ 1-0

[Event "24th Abu Dhabi Masters"]
[Site "Abu Dhabi UAE"]
[Date "2017.08.19"]
[Round "5.28"]
[White "Saduakassova, Dinara"]
[Black "Saurabh, Anand"]
[Result "1-0"]
[WhiteTitle "IM"]
[WhiteElo "2444"]
[BlackElo "2332"]
[WhiteFideId "13700090"]
[BlackFideId "5094496"]
[EventDate "2017.08.14"]

1. d4 Nf6 2. c4 e6 3. g3 Bb4+ 4. Bd2 a5 5. Bg2 d6 6. Nf3 Nbd7 7. O-O e5 8. Be3
exd4 9. Bxd4 O-O 10. a3 Bc5 11. Nc3 Re8 12. b3 c6 13. Ra2 Qe7 14. h3 Ne5 15.
Bxc5 dxc5 16. Ne1 Ng6 17. e4 a4 18. Nxa4 Nxe4 19. Re2 f5 20. f3 Qd6 21. Qxd6
Nxd6 22. Rxe8+ Nxe8 23. Nb6 Rb8 24. Nd3 Be6 25. Nxc5 Kf7 26. f4 Nf8 27. a4 Nf6
28. Re1 N6d7 29. Nbxd7 Bxd7 30. Kf2 Bc8 31. Rd1 Ne6 32. Nd3 Ke7 33. Ke3 Bd7 34.
Ne5 Rd8 35. b4 Be8 36. Rxd8 Kxd8 37. c5 Kc7 38. Bf1 Kd8 39. Bd3 Nc7 40. Kd4 Ne6+
41. Kc3 g6 42. Bc4 Nc7 43. Bg8 h6 44. Nc4 Nd5+ 45. Bxd5 cxd5 46. Nb6 Bc6 47. Kd4
Ke7 48. b5 Be8 1-0

[Event "24th Abu Dhabi Masters"]
[Site "Abu Dhabi UAE"]
[Date "2017.08.19"]
[Round "5.29"]
[White "Raja, Harshit"]
[Black "Suleymanli, Aydin"]
[Result "0-1"]
[BlackTitle "CM"]
[WhiteElo "2434"]
[BlackElo "2328"]
[WhiteFideId "5089000"]
[BlackFideId "13413937"]
[EventDate "2017.08.14"]

1. e4 e6 2. d4 d5 3. Nd2 a6 4. Ngf3 c5 5. dxc5 Bxc5 6. Bd3 Nc6 7. O-O Nge7 8.
exd5 exd5 9. Nb3 Bd6 10. Nbd4 O-O 11. Be3 Ng6 12. Nf5 Bf4 13. Qd2 Bxe3 14. Qxe3
Re8 15. Qc5 Nf4 16. Ne3 Be6 17. Rad1 Rc8 18. Qa3 Qf6 19. c3 Bh3 20. Ne1 Qg5 21.
g3 Ne5 22. Bc2 Ne2+ 23. Kh1 Bxf1 24. Nxf1 Qf6 25. Kg2 Ng4 26. Nd3 Nd4 27. cxd4
Rxc2 28. Nd2 Re2 29. Qa4 Qc6 30. Qb4 h5 31. h3 Nxf2 32. Nf4 Nd3+ 0-1

[Event "24th Abu Dhabi Masters"]
[Site "Abu Dhabi UAE"]
[Date "2017.08.19"]
[Round "5.30"]
[White "Sangma, Rahul"]
[Black "Fernandez Borrego, Pablo"]
[Result "1-0"]
[WhiteTitle "IM"]
[BlackTitle "FM"]
[WhiteElo "2325"]
[BlackElo "2427"]
[WhiteFideId "5013615"]
[BlackFideId "2258285"]
[EventDate "2017.08.14"]

1. e4 c5 2. Nf3 g6 3. d4 cxd4 4. Nxd4 Bg7 5. c4 Nc6 6. Be3 Nf6 7. Nc3 O-O 8. Be2
d6 9. O-O Bd7 10. f3 Qb6 11. Ncb5 a6 12. Nc2 Qa5 13. Nbd4 Rfc8 14. a4 Nxd4 15.
Nxd4 Ne8 16. Qb3 Nc7 17. Qa3 Ne6 18. b4 Qe5 19. Nxe6 Bxe6 20. Rac1 a5 21. c5 d5
22. b5 dxe4 23. fxe4 Qxe4 24. Bf3 Bb2 25. Bxe4 Bxa3 26. Bxb7 Bxc1 27. Rxc1 Bb3
28. b6 Bxa4 29. Bxa8 Rxa8 30. c6 Bxc6 31. Rxc6 Rb8 32. Bf4 Rb7 33. Rc8+ Kg7 34.
Bc7 Kf6 35. Rb8 Rxb8 36. Bxb8 Ke6 37. b7 Kd5 1-0

[Event "24th Abu Dhabi Masters"]
[Site "Abu Dhabi UAE"]
[Date "2017.08.19"]
[Round "5.31"]
[White "Vogt, Lothar"]
[Black "Muthaiah, AL"]
[Result "1/2-1/2"]
[WhiteTitle "GM"]
[WhiteElo "2420"]
[BlackElo "2292"]
[WhiteFideId "4611292"]
[BlackFideId "5092442"]
[EventDate "2017.08.14"]

1. e4 g6 2. d4 Bg7 3. Nc3 c6 4. Nf3 d5 5. h3 Nf6 6. Bd3 dxe4 7. Nxe4 Nxe4 8.
Bxe4 O-O 9. O-O Nd7 10. Bg5 Qb6 11. Rb1 e5 12. c3 exd4 13. Nxd4 Nc5 14. Bc2 Ne6
15. Nxe6 Bxe6 16. Bb3 Rfe8 17. Re1 Bxb3 1/2-1/2

[Event "24th Abu Dhabi Masters"]
[Site "Abu Dhabi UAE"]
[Date "2017.08.19"]
[Round "5.32"]
[White "Raghunandan, Kaumandur Srihari"]
[Black "Teh, Eu Wen Aron"]
[Result "1-0"]
[WhiteTitle "IM"]
[BlackTitle "FM"]
[WhiteElo "2398"]
[BlackElo "2276"]
[WhiteFideId "25004964"]
[BlackFideId "5704723"]
[EventDate "2017.08.14"]

1. d4 Nf6 2. c4 e6 3. a3 d5 4. Nc3 c6 5. e3 Nbd7 6. Nf3 Bd6 7. Qc2 O-O 8. Bd2
Qe7 9. h3 a6 10. Be2 b5 11. cxd5 cxd5 12. Na2 Bb7 13. Bb4 Rfc8 14. Qd1 Nb6 15.
Bxd6 Qxd6 16. Nb4 Nc4 17. Nd3 Ne4 18. O-O Qb6 19. Re1 Bc6 20. b3 Ncd6 21. Nd2
Be8 22. Nxe4 Nxe4 23. Bf3 Nd6 24. Re2 a5 25. Nc5 Rc7 26. Rc2 Rac8 27. Qe1 h6 28.
Rac1 Bc6 29. Be2 Be8 30. Bd3 Bc6 31. Qe2 Nb7 32. Qd2 Nxc5 33. Rxc5 Bd7 34. b4
Rxc5 35. bxc5 Qa7 36. Qb2 Qb7 37. Qd2 Qa7 38. Qb2 Qb7 39. Qc3 Qa8 40. Rb1 Rb8
41. Rb3 Be8 42. Qb2 Qc6 43. Qc3 Qa8 44. g4 Qa7 45. f4 Bc6 46. Kh2 Qc7 47. Kg2
Kf8 48. Qb2 Qd7 49. Qd2 Qc7 50. h4 Qd8 51. Qe1 g6 52. h5 gxh5 53. gxh5 Ke7 54.
f5 Qg8+ 55. Qg3 Qxg3+ 56. Kxg3 b4 57. axb4 Rxb4 58. Rxb4 axb4 59. fxe6 fxe6 60.
Kf4 b3 61. Bb1 Be8 62. e4 Bxh5 63. exd5 Bd1 64. d6+ Kd7 65. Bd3 Bc2 66. Bb5+ Kc8
67. c6 b2 68. Ba6+ Kb8 69. c7+ Ka7 70. c8=Q b1=Q 71. d7 Qc1+ 72. Ke5 Qe3+ 73.
Kd6 Qxd4+ 74. Ke7 Qg7+ 75. Kxe6 Bb3+ 76. Kf5 Qg5+ 77. Ke4 Bc2+ 78. Kf3 Bd1+ 79.
Ke4 Bc2+ 80. Kd4 Qd2+ 81. Kc4 Qd3+ 82. Kb4 Qb3+ 83. Kc5 Qb6+ 84. Kd5 Qb3+ 85.
Bc4 Qf3+ 86. Kd4 Qf6+ 87. Ke3 Qc3+ 88. Ke2 Bd1+ 89. Kxd1 Qd4+ 90. Kc2 Qf2+ 91.
Kb3 Qf3+ 92. Kb4 1-0

[Event "24th Abu Dhabi Masters"]
[Site "Abu Dhabi UAE"]
[Date "2017.08.19"]
[Round "5.33"]
[White "Tania, Sachdev"]
[Black "Rayes, Abdul Kader"]
[Result "1-0"]
[WhiteTitle "IM"]
[WhiteElo "2392"]
[BlackElo "2259"]
[WhiteFideId "5007844"]
[BlackFideId "7600801"]
[EventDate "2017.08.14"]

1. d4 d5 2. c4 e6 3. Nc3 Nf6 4. cxd5 exd5 5. Bg5 Be7 6. e3 c6 7. Qc2 Nbd7 8. Nf3
Nh5 9. Bxe7 Qxe7 10. O-O-O g6 11. g4 Ng7 12. Bd3 Nb6 13. h3 Be6 14. Kb1 O-O-O
15. Rc1 Kb8 16. Na4 Nxa4 17. Qxa4 Bc8 18. Rc3 Rd6 19. Rhc1 Ne6 20. Ra3 b5 21.
Qb4 Bb7 22. Ne5 Nd8 23. Bf1 a6 24. Nd3 Ne6 25. f4 Rd7 26. Qd2 Rd6 27. Qb4 Rd7
28. Qa5 Qd8 29. Ne5 Rc7 30. Qb6 Rc8 31. Nxc6+ Rxc6 32. Rxc6 Qxb6 33. Rxb6 Kc7
34. Rbxa6 b4 35. R3a4 Bxa6 36. Rxa6 Rb8 37. Ra7+ Rb7 38. Ra5 Kd6 39. Rxd5+ Kxd5
40. Bg2+ Kc4 41. Bxb7 Kd3 42. Bd5 Kxe3 43. Bxe6 fxe6 44. a4 bxa3 45. bxa3 Kxd4
46. Kc2 Ke4 47. a4 Kxf4 48. a5 Kg3 49. a6 g5 50. a7 Kxh3 51. a8=Q Kxg4 52. Qe4+
Kg3 53. Qxh7 g4 54. Kd2 Kf2 55. Qh2+ Kf3 56. Qe2+ Kf4 57. Qxe6 g3 58. Ke2 g2 59.
Kf2 g1=N 60. Kxg1 1-0

[Event "24th Abu Dhabi Masters"]
[Site "Abu Dhabi UAE"]
[Date "2017.08.19"]
[Round "5.34"]
[White "Shailesh, Dravid"]
[Black "Eggleston, David J"]
[Result "0-1"]
[BlackTitle "IM"]
[WhiteElo "2254"]
[BlackElo "2380"]
[WhiteFideId "25017969"]
[BlackFideId "412120"]
[EventDate "2017.08.14"]

1. e4 c5 2. Nf3 d6 3. d4 Nf6 4. Nc3 cxd4 5. Nxd4 a6 6. Bg5 e6 7. f4 Be7 8. Qf3
Qc7 9. O-O-O Nbd7 10. g4 b5 11. Bxf6 Nxf6 12. g5 Nd7 13. f5 O-O 14. h4 b4 15.
Nce2 Bb7 16. Rg1 Kh8 17. f6 gxf6 18. g6 hxg6 19. Nxe6 Ne5 20. Qe3 fxe6 21. Qh6+
Kg8 22. Rxg6+ Kf7 23. Rg7+ Ke8 24. Nd4 Bxe4 25. Bh3 Nf7 26. Qh5 f5 27. Qg6 d5
28. Rd2 f4 29. Qxe6 Qd6 30. Qg4 Bf6 31. Ne6 Bxg7 32. Qxg7 Rh8 33. Ng5 Qg6 34.
Qd4 Rxh4 35. Ne6 Rxh3 36. Nc7+ Kf8 37. Nxa8 Rh1+ 38. Rd1 Rxd1+ 39. Kxd1 Qh5+ 0-1

[Event "24th Abu Dhabi Masters"]
[Site "Abu Dhabi UAE"]
[Date "2017.08.19"]
[Round "5.35"]
[White "Vantika, Agrawal"]
[Black "Hedman, Erik"]
[Result "1/2-1/2"]
[BlackTitle "FM"]
[WhiteElo "2238"]
[BlackElo "2376"]
[WhiteFideId "25050389"]
[BlackFideId "1702351"]
[EventDate "2017.08.14"]

1. d4 c5 2. d5 g6 3. Nf3 Bg7 4. g3 d6 5. Bg2 Nf6 6. O-O O-O 7. c4 e6 8. dxe6
Bxe6 9. Ng5 Nc6 10. Nxe6 fxe6 11. Nc3 Qe7 12. Bf4 Rad8 13. Qd2 Rd7 14. Rad1 Rfd8
15. b3 Qf8 16. Bh3 Qe7 17. Qe3 Re8 18. Rd2 a6 19. Ne4 Nxe4 20. Qxe4 Nd4 21. Bg2
g5 22. Be3 Nf5 23. Rfd1 Nxe3 24. Qxe3 Be5 25. Qe4 Qf6 26. e3 Qe7 27. Bh3 Kh8 28.
Bg4 b5 29. cxb5 axb5 30. Be2 Rb8 31. a4 bxa4 32. bxa4 Bf6 33. Bb5 d5 34. Qc2 1/2-1/2